MDQL
is popping MORE tags! Check the
thread
!
Quizzes
Events
Quiz Creation
Community
Videos
Private Events
Remove Ads
Sign In
Join for FREE
Feedback
Dark Mode
Quiz Categories
Sports
Geography
Music
Movies
Television
Just For Fun
Miscellaneous
History
Literature
Language
Science
Gaming
Entertainment
Religion
Holiday
For Kids
Quiz Lab
Recent
Popular Today
Quiz Kudos Today
Editor Picks
Curator Picks
Quizzes by...
Day
Popularity
Type
Ratings
Length
Year
Community
Subscriptions
Recent Discussions
Orange Saloon
Badges
Playlists
Quests
Create
Leaderboards
Showdown
Live 5
Trivia Bingo
Activity
Puzzle Library
Sporcle Events
Private Events
Virtual Trivia
Globe League
Become a Host
Pub Owners
SporcleCon
Opinionation
Our Games
Videos
Blog
Mobile Apps
Partnerships
Remove Ads and Go Orange
Feedback
Sports
Athletes
MLB
NBA
NHL
NFL
Soccer
Sports Teams
WWE
NCAA
Football
Premier League
Basketball
Baseball
Hockey
Golf
Tennis
Cricket
Rugby
Auto Racing
Olympics
World Cup
Sports
Athletes
MLB
NBA
NHL
NFL
Soccer
Sports Teams
WWE
NCAA
Football
Premier League
Basketball
Baseball
Hockey
Golf
Tennis
Cricket
Rugby
Auto Racing
Olympics
World Cup
Random Quiz
Search Sporcle
×
Quiz Lab
Quiz Lab
Sports
Soccer
Type in answers that appear in a list
Type in answers that appear in a list
Classic
Best Score? Go Orange.
Liga Mx Champions Stats
Can you name the Liga Mx Champions?
By
gigioglvz
5m
42 Questions
350 Plays
350 Plays
350 Plays
Comments
Comments
Give Quiz Kudos
Give Quiz Kudos
-
- Ratings
hide this ad
Forced Order
Answers have to be entered in order
Answers have to be entered in order
Replay
Link that replays current quiz
Next Quiz
Link to next quiz in quiz playlist
You Got
0%
They Got
Avg Score
49%
Avg Friend Score
Upgrade to see
Score Distribution
Jump to the score distribution portion of the page
Score
0/42
Timer
05:00
0
Plays Today
Tournament
Winner
% Correct
Clausura 17
Guadalajara
68.9%
Invierno 97
Cruz Azul
65.4%
Apertura 16
Tigres
64.3%
Verano 97
Guadalajara
60.3%
Clausura 13
América
60%
Apertura 15
Tigres
60%
Invierno 96
Santos
58.6%
Apertura 14
América
58.6%
Bicentenario 2010
Toluca
58%
Apertura 13
León
58%
Clausura 14
León
57.7%
Clausura 16
Pachuca
57.7%
Apertura 06
Guadalajara
55.1%
Clausura 15
Santos
54.6%
Verano 98
Toluca
53.1%
Verano 99
Toluca
51.4%
Apertura 12
Tijuana
51.1%
Verano 2000
Toluca
49.7%
Apertura 04
Pumas
49.7%
Clausura 04
Pumas
49.1%
Apertura 11
Tigres
49.1%
Tournament
Winner
% Correct
Verano 2002
América
48.6%
Clausura 05
América
48.6%
Invierno 2000
Morelia
48%
Clausura 12
Santos
46.6%
Invierno 98
Necaxa
45.7%
Clausura 11
Pumas
45.7%
Invierno 99
Pachuca
44.9%
Apertura 10
Monterrey
44.3%
Apertura 08
Toluca
43.1%
Apertura 02
Toluca
42.6%
Clausura 07
Pachuca
42.6%
Apertura 09
Monterrey
42.3%
Clausura 08
Santos
42%
Invierno 2001
Pachuca
41.1%
Verano 2001
Santos
40.6%
Apertura 05
Toluca
40.6%
Clausura 06
Pachuca
40.3%
Clausura 09
Pumas
40.3%
Clausura 03
Monterrey
39.4%
Apertura 07
Atlante
38%
Apertura 03
Pachuca
37.7%
Quiz Playlist
Details
Report
Send in Message
Add To Playlist
Classic:
Type in answers that appear in a list
Forced Order:
Answers have to be entered in order
Last Updated: Jun 19, 2017
Quiz Scoreboard
CHALLENGE
Sign Up to Join the Scoreboard
Show All
Scores
Hide
Comments
May contain spoilers
Recently Published
Two Season TV Shows II
by 123Four
Television
10m
Image Sorting: Flags VI
by Barbecue
Geography
2m
Find the 'City' Movie
by crazypaving
Movies
60s
More to Explore
Quiz From the Vault
Featured Blog Post
14 Easter Pick-up Lines to Find Eggs With
hide this ad
You Might Also Like...
Tags
Football Quiz
Soccer Quiz
Liga MX
Mexico
Today's Top Quizzes in Sports
Browse Sports
hide this ad
Today's Top Quizzes in Soccer
Browse Soccer
Top Contributed Quizzes in Sports
1
Les meilleurs buteurs des matchs entre le PSG et l’OM
2
Les entraîneurs de l'OM et du PSG au 21e siècle
3
2022 World Cup Stars
4
Les joueurs passés par le PSG et l'OM
5
Players with Multiple 50 Home Run Seasons
6
FIFA Club World Cup Champions
7
Criteria MLB: Left Handed Sluggers
8
Les joueurs passés par le LOSC et le RC Lens
9
Top 10 NHL Goal Scorers of All Time
10
MLB Players with Two .350 Batting Average Seasons
Explore More
Trending Topics
NBA
Anime
Crossword
Disney
Kpop
Harry Potter
Marvel
Puzzle
WWE
Song
Soccer
Pokémon
Country
The Office
NFL
hide this ad
More By:
gigioglvz
Quiz
Plays
Rating
Category
Featured
Created
Liga Mx Champions
350
5.00
Sports
Jun 19, 2017
Mexico's 2014 World Cup squad
189
5.00
Sports
Jun 19, 2017
Go to Creator's Profile
Score Distribution
Quiz Creator Spotlight
gigioglvz
Follow
Send a Message
Quizzes Created
-
Created Quiz Play Count
-
More By This Creator
Popular Quizzes Today
1
Find the US States - No Outlines Minefield
2
Colored Red Africa Blitz
3
Find the 'City' Movie
4
5x2 Blitz: Bands
5
The Countries of the World
6
Find the Countries of Europe - No Outlines Minefield
7
Find the US States
8
US States
More Sports Quizzes
2014 MLB All-Star Selections
Editor's Pick
Trending Quizzes
Colored Red Europe Blitz I
Colored Red Africa Blitz II
Colored Red Europe Blitz II
Colored Red Africa Blitz III
Even More Two Season TV Shows
Recently Updated
March Madness Men's Triple Doubles
pecheneg
How Do You Spell That?
pecheneg
Godzilla Movies
pecheneg
Grab Bag: 4-10 Letters
pecheneg
2024 March Madness Bracket
pecheneg
Famous TV Couples
Peacemaker
Champions League XIs: Real Madrid
pecheneg
Largest US Cities 1790-2010
pecheneg
Rides in Walt Disney World
pecheneg
Most Oscar Losses (Acting)
pecheneg
Trending Topics
Harry Potter
NBA
Kpop
Marvel
Disney
Crossword
Anime
Country
Puzzle
NFL
Song
Soccer
Pokémon
The Office
WWE
Your Account Isn't Verified!
In order to create a playlist on Sporcle, you need to verify the email address you used during registration. Go to your
Sporcle Settings
to finish the process.
Report this User
Report this user for behavior that violates our
Community Guidelines
.
Details:
Send Report
Go to the Sporcle.com Mobile Site →
Comments